[Event "7th European Individual Senior Champion."]
[Site "Hockenheim, Germany"]
[Date "2007.06.05"]
[Round "4.38"]
[White "Amrehn, Fred"]
[Black "Eidelmann, Vova"]
[Result "1/2-1/2"]
[WhiteElo "2185"]
[BlackElo "2047"]
[PlyCount "42"]
[EventDate "2007.??.??"]

1. e4 c5 2. Nf3 Nf6 3. Nc3 d6 4. d4 cxd4 5. Nxd4 a6 6. a4 e5 7. Nb3 Nc6 8. Be2
Be7 9. O-O O-O 10. Be3 Be6 11. f4 exf4 12. Rxf4 Ne5 13. Nd4 Bc4 14. Nf5 Rc8 15.
a5 Bxe2 16. Qxe2 Nc4 17. Bd4 Ne5 18. Bb6 Qd7 19. Nd5 Nxd5 20. exd5 Bg5 21. Rf2
g6 1/2-1/2

[Event "7th European Individual Senior Champion."]
[Site "Hockenheim, Germany"]
[Date "2007.06.05"]
[Round "4.39"]
[White "Bounianer, Wladimir"]
[Black "Belokopyt, Boris"]
[Result "1-0"]
[WhiteElo "2183"]
[BlackElo "2037"]
[PlyCount "55"]
[EventDate "2007.??.??"]

1. d4 Nf6 2. c4 e5 3. dxe5 Ng4 4. e4 Nxe5 5. f4 Nec6 6. Be3 Bb4+ 7. Nc3 Qe7 8.
Bd3 O-O 9. Nge2 Na6 10. Qd2 d6 11. O-O Bc5 12. Nd5 Qd8 13. Rad1 Ne7 14. Nd4 Bg4
15. Be2 Nxd5 16. cxd5 Bxe2 17. Qxe2 Qe7 18. Bf2 Rae8 19. Rfe1 g6 20. a3 Nb8 21.
e5 dxe5 22. fxe5 Nd7 23. Nf3 f6 24. e6 Nb6 25. b4 Bxf2+ 26. Qxf2 Rd8 27. Qd4
Rd6 28. Qc5 {rest der partie unleserlich} 1-0

[Event "7th European Individual Senior Champion."]
[Site "Hockenheim, Germany"]
[Date "2007.06.05"]
[Round "4.41"]
[White "Ofstad, Per"]
[Black "Kalkmann, Hans"]
[Result "1-0"]
[WhiteElo "2169"]
[BlackElo "2004"]
[PlyCount "134"]
[EventDate "2007.??.??"]

1. Nf3 e6 2. g3 b6 3. Bg2 Bb7 4. O-O f5 5. c4 Nf6 6. Nc3 Bb4 7. Qb3 Bxc3 8.
Qxc3 Qe7 9. d3 d6 10. e4 fxe4 11. Ng5 O-O 12. Nxe4 Nxe4 13. dxe4 Nd7 14. Qc2 e5
15. Be3 a5 16. b3 Qe6 17. Qe2 Nf6 18. Bd2 Ba6 19. Rfe1 Rae8 20. Rac1 Qf7 21.
Rc3 Bc8 22. Rf1 Qg6 23. f3 Qh5 24. Qe3 h6 25. Rc2 Bb7 26. Bc3 Re7 27. Rcf2 Ref7
28. Bd2 Nh7 29. f4 exf4 30. gxf4 Re7 31. Re1 Rfe8 32. Bc3 Bxe4 33. Qg3 Bxg2 34.
Rfe2 Qf7 35. Rxe7 Rxe7 36. Kxg2 Rxe1 37. Bxe1 Nf6 38. Qe3 Qe8 39. Qxe8+ Nxe8
40. Kf3 Kf7 41. Bc3 g6 42. Ke4 Nf6+ 43. Kf3 Ke6 44. Bb2 Kf5 45. Bc3 Ne4 46. Be1
Nc5 47. Bd2 c6 48. h3 d5 49. cxd5 cxd5 50. Be3 h5 51. Bf2 Ke6 52. Be3 a4 53. b4
Na6 54. Bd2 Nc7 55. Ke3 Ne8 56. Kd4 Nd6 57. Bc1 Nf5+ 58. Kd3 Ng3 59. b5 Ne4 60.
Be3 Nd6 61. Kc3 d4+ 62. Kxd4 Nxb5+ 63. Kd3 Kf5 64. Bxb6 Kxf4 65. Kc4 Nd6+ 66.
Kb4 g5 67. Bc7 Ke5 1-0

[Event "7th European Individual Senior Champion."]
[Site "Hockenheim, Germany"]
[Date "2007.06.05"]
[Round "4.42"]
[White "De Laubadere, Philippe"]
[Black "Brondum, Eric"]
[Result "0-1"]
[WhiteElo "2003"]
[BlackElo "2164"]
[PlyCount "58"]
[EventDate "2007.??.??"]

1. d4 Nf6 2. c4 g6 3. Nc3 Bg7 4. e4 d6 5. Be2 O-O 6. f4 Na6 7. Nf3 Bg4 8. O-O
e5 9. fxe5 dxe5 10. d5 Nc5 11. h3 Bc8 12. Qc2 Nh5 13. b4 Nd7 14. Be3 Nf4 15. c5
a5 16. a3 f5 17. Bc4 Ra6 18. Rad1 axb4 19. axb4 fxe4 20. Nxe4 Ra3 21. Bc1 Nxh3+
22. Kh2 Raxf3 23. Rxf3 Rxf3 24. gxf3 Qh4 25. Kg2 Nf6 26. Nxf6+ Bxf6 27. Rf1
Nf4+ 28. Bxf4 Bh3+ 29. Kg1 exf4 0-1

[Event "7th European Individual Senior Champion."]
[Site "Hockenheim, Germany"]
[Date "2007.06.05"]
[Round "4.43"]
[White "Sevenyuk, Alexey"]
[Black "Van Oosten, Arend"]
[Result "0-1"]
[WhiteElo "1940"]
[BlackElo "2155"]
[PlyCount "70"]
[EventDate "2007.??.??"]

1. d4 d5 2. c4 e6 3. Nf3 f5 4. g3 Nf6 5. Bg2 c6 6. b3 Bd6 7. O-O O-O 8. Ba3
Bxa3 9. Nxa3 Qe7 10. Nc2 Bd7 11. Nce1 Be8 12. Ne5 Bh5 13. Bf3 Bxf3 14. exf3
Nbd7 15. cxd5 Nxe5 16. dxe5 Nxd5 17. f4 Rfd8 18. Qh5 Nc3 19. Nf3 Rd3 20. Ng5 h6
21. h4 Qe8 22. Qxe8+ Rxe8 23. Nh3 Red8 24. Kg2 Rd2 25. a3 Rb2 26. b4 Rdd2 27.
Rac1 Ne4 28. Rcd1 Kf7 29. Rxd2 Rxd2 30. Re1 Ke7 31. Kf3 Ra2 32. Re3 Nd2+ 33.
Kg2 Nc4 34. Rc3 Nxa3 35. Ng1 Nb5 0-1

[Event "7th European Individual Senior Champion."]
[Site "Hockenheim, Germany"]
[Date "2007.06.05"]
[Round "4.44"]
[White "Bofinger, Juergen"]
[Black "Sorokina, Tamara"]
[Result "1/2-1/2"]
[WhiteElo "1948"]
[BlackElo "2145"]
[PlyCount "90"]
[EventDate "2007.??.??"]

1. d4 Nf6 2. c4 e6 3. e3 d5 4. Bd3 a6 5. a3 dxc4 6. Bxc4 b5 7. Be2 Bb7 8. Bf3
Qc8 9. Bxb7 Qxb7 10. Qf3 Qxf3 11. Nxf3 Nbd7 12. O-O Bd6 13. Nbd2 c5 14. b3 cxd4
15. Nxd4 Nc5 16. b4 Nd3 17. Rb1 Rc8 18. N2f3 Nxc1 19. Rbxc1 Rxc1 20. Rxc1 Kd7
21. Nc6 Ra8 22. Nfe5+ Bxe5 23. Nxe5+ Ke7 24. f4 Ne8 25. Rd1 Nd6 26. Rc1 Nc4 27.
Nxc4 Rc8 28. Kf2 bxc4 29. Ke2 e5 30. fxe5 Ke6 31. e4 Kxe5 32. Ke3 f6 33. a4 h5
34. b5 axb5 35. axb5 Rb8 36. Rxc4 Rxb5 37. Rc3 h4 38. Rd3 Rb2 39. Kf3 h3 40.
Rd8 Ke6 41. gxh3 Rxh2 42. Kg3 Re2 43. Kf3 Rh2 44. Kg3 Rh1 45. h4 g6 1/2-1/2

[Event "7th European Individual Senior Champion."]
[Site "Hockenheim, Germany"]
[Date "2007.06.05"]
[Round "4.45"]
[White "Schmoll, Heinz"]
[Black "Otto, Klaus"]
[Result "0-1"]
[WhiteElo "2133"]
[BlackElo "1522"]
[PlyCount "36"]
[EventDate "2007.??.??"]

1. c4 Nf6 2. Nc3 c5 3. e4 Nc6 4. Nge2 e5 5. d3 Be7 6. g3 d6 7. Bg2 Bg4 8. h3
Bh5 9. g4 Bg6 10. f4 exf4 11. Nxf4 Ne5 12. g5 Nfd7 13. b4 h6 14. Nxg6 Nxg6 15.
h4 Nde5 16. gxh6 Bxh4+ 17. Kf1 Qf6+ 18. Kg1 Bf2+ 0-1

[Event "7th European Individual Senior Champion."]
[Site "Hockenheim, Germany"]
[Date "2007.06.05"]
[Round "4.47"]
[White "Woisetschlaeger, Adolf"]
[Black "Masich, Vladimir"]
[Result "1-0"]
[WhiteElo "1892"]
[BlackElo "2079"]
[PlyCount "91"]
[EventDate "2007.??.??"]

1. c4 Nf6 2. g3 g6 3. Bg2 c5 4. Nf3 Bg7 5. Nc3 Nc6 6. O-O O-O 7. a3 d6 8. d3 h6
9. Rb1 a5 10. Bd2 e5 11. h3 Be6 12. e4 Kh7 13. Kh2 Rb8 14. Ne2 b5 15. b3 bxc4
16. bxc4 Rxb1 17. Qxb1 Qc7 18. Nc3 Rb8 19. Qc2 Nb4 20. axb4 cxb4 21. Nd5 Nxd5
22. exd5 Bxd5 23. Ng5+ hxg5 24. Bxd5 b3 25. Qb2 a4 26. Ra1 Qc5 27. Bc3 Qa7 28.
Kg2 f5 29. Qa3 b2 30. Bxb2 Rxb2 31. Qxb2 e4 32. d4 Bxd4 33. Rxa4 Qxa4 34. Qxd4
Qa3 35. Qe3 Qxe3 36. fxe3 Kg7 37. Kf2 Kf6 38. Ke2 Ke5 39. Bf7 Kf6 40. Be8 Kg7
41. Kd2 Kf6 42. Kc3 Ke5 43. Bxg6 f4 44. gxf4+ gxf4 45. exf4+ Kxf4 46. Kd4 1-0

[Event "7th European Individual Senior Champion."]
[Site "Hockenheim, Germany"]
[Date "2007.06.05"]
[Round "4.48"]
[White "Onoprienko, Vladimir"]
[Black "Werner, Alfons"]
[Result "1-0"]
[WhiteElo "2342"]
[BlackElo "1743"]
[PlyCount "43"]
[EventDate "2007.??.??"]

1. e4 c6 2. Nf3 d5 3. Nc3 Bg4 4. h3 Bxf3 5. Qxf3 e6 6. d4 dxe4 7. Nxe4 Nd7 8.
Bg5 Ndf6 9. O-O-O Qd5 10. Bxf6 Qxa2 11. Nc3 Qa1+ 12. Kd2 Qa5 13. Be5 O-O-O 14.
Bd3 f6 15. Ra1 Qb6 16. Bf4 Bb4 17. Rhe1 Rxd4 18. Rxe6 Ne7 19. Rxe7 Rxd3+ 20.
cxd3 Bxe7 21. Kc2 g6 22. Be3 1-0

[Event "7th European Individual Senior Champion."]
[Site "Hockenheim, Germany"]
[Date "2007.06.05"]
[Round "4.49"]
[White "Niebling, Ferdinand"]
[Black "Straub, Hermann"]
[Result "1/2-1/2"]
[WhiteElo "2226"]
[BlackElo "1993"]
[PlyCount "90"]
[EventDate "2007.??.??"]

1. d4 b6 2. c4 e6 3. Nc3 Bb7 4. e4 Bb4 5. f3 f5 6. exf5 Nh6 7. Be3 Nxf5 8. Bf2
O-O 9. Qd2 d6 10. Nge2 Qf6 11. a3 Bxc3 12. Nxc3 Nd7 13. Bd3 e5 14. Ne4 Qe7 15.
d5 Nc5 16. Nxc5 bxc5 17. Bxf5 Rxf5 18. O-O Raf8 19. Rfe1 h6 20. Rac1 Qf7 21. b4
Rg5 22. Bg3 cxb4 23. axb4 Rf5 24. Ra1 a6 25. Rad1 Rd8 26. Re3 Qf8 27. Rd3 Re8
28. Re1 Rd8 29. Qe3 Rf7 30. Red1 Bc8 31. c5 Bf5 32. Ra3 Bc8 33. Rc3 Qe7 34.
Rdc1 Qf8 35. cxd6 cxd6 36. Qb6 Bb7 37. Rc7 Rxc7 38. Rxc7 Bxd5 39. Qa5 Be6 40.
Qxa6 Ra8 41. Ra7 Rxa7 42. Qxa7 Qc8 43. h3 Bc4 44. Qb6 Qd7 45. Bh4 Kf7 1/2-1/2

[Event "7th European Individual Senior Champion."]
[Site "Hockenheim, Germany"]
[Date "2007.06.05"]
[Round "4.50"]
[White "Ortega Morales, Pedro"]
[Black "Ellinger, Hans Dr."]
[Result "0-1"]
[WhiteElo "1959"]
[BlackElo "2115"]
[PlyCount "108"]
[EventDate "2007.??.??"]

1. d4 d5 2. Bf4 Nf6 3. e3 e6 4. Nf3 Bd6 5. Nbd2 Bxf4 6. exf4 O-O 7. Bd3 c5 8.
c3 cxd4 9. Nxd4 Nbd7 10. N2f3 Nc5 11. Bc2 Qb6 12. Rb1 Qa6 13. a3 Bd7 14. Qe2
Qxe2+ 15. Kxe2 Nh5 16. g3 f6 17. Rhe1 g6 18. Kf1 Rae8 19. Re3 Re7 20. Rbe1 Rfe8
21. b4 Na6 22. Bb3 Nc7 23. f5 e5 24. fxg6 hxg6 25. c4 Kf8 26. Nh4 Rg7 27. Ndf3
d4 28. R3e2 g5 29. Ng2 Bg4 30. Nd2 Bxe2+ 31. Rxe2 Rd8 32. Ne4 f5 33. Nc5 b6 34.
Nb7 Rdd7 35. c5 Ne8 36. Nd6 Nxd6 37. cxd6 e4 38. Be6 Rxd6 39. Bxf5 Nf6 40. Rc2
Re7 41. h4 gxh4 42. Nxh4 Kg7 43. Bh3 Rd5 44. Nf5+ Rxf5 45. Bxf5 Nd5 46. Rd2 d3
47. g4 Nf4 48. Kg1 Kf6 49. a4 Ke5 50. a5 bxa5 51. bxa5 Kd4 52. a6 Kc3 53. Rd1
d2 54. Ra1 Kb2 0-1

[Event "7th European Individual Senior Champion."]
[Site "Hockenheim, Germany"]
[Date "2007.06.05"]
[Round "4.51"]
[White "Mueller, Waldemar"]
[Black "Schuler, Georg"]
[Result "1-0"]
[WhiteElo "2115"]
[BlackElo "1992"]
[PlyCount "106"]
[EventDate "2007.??.??"]

1. e4 c5 2. Nf3 e6 3. Nc3 a6 4. a4 Qc7 5. Bc4 Nc6 6. O-O g6 7. d4 cxd4 8. Nxd4
Bg7 9. Nde2 Nge7 10. f4 O-O 11. Be3 Ne5 12. Bb3 Ng4 13. Qd2 Nxe3 14. Qxe3 Nc6
15. Rad1 b6 16. Qd3 Rd8 17. e5 Bb7 18. Ne4 Nb4 19. Qd6 Qxd6 20. Nxd6 Bd5 21. c4
Bc6 22. Nc3 a5 23. Nce4 Bxe4 24. Nxe4 d5 25. cxd5 Nxd5 26. Rf3 Nb4 27. Nd6 Bf8
28. Bc4 Be7 29. Rf2 Rac8 30. b3 Kg7 31. Rfd2 Rb8 32. Kf2 h5 33. Kf3 Rh8 34. Ke4
h4 35. Kf3 Rh5 36. Ne4 Rf5 37. Rd7 Nc6 38. Ke3 Kf8 39. Rc7 Nb4 40. Rdd7 Bd8 41.
Rb7 Rxb7 42. Rxb7 g5 43. g3 gxf4+ 44. gxf4 Rh5 45. Rb8 Ke7 46. Nf6 Rh8 47. Ke4
Nd5 48. Bxd5 exd5+ 49. Nxd5+ Kd7 50. Rb7+ Kc6 51. Rxf7 b5 52. e6 bxa4 53. bxa4
Re8 1-0

[Event "7th European Individual Senior Champion."]
[Site "Hockenheim, Germany"]
[Date "2007.06.05"]
[Round "4.55"]
[White "Davydov, Mikhail"]
[Black "Frantzke, Helmut"]
[Result "1-0"]
[WhiteElo "2082"]
[BlackElo "1955"]
[PlyCount "71"]
[EventDate "2007.??.??"]

1. e4 g6 2. d4 Bg7 3. Nc3 c6 4. Be3 d5 5. f3 dxe4 6. Nxe4 Nf6 7. Qd2 Nd5 8. Bh6
O-O 9. O-O-O f5 10. Bxg7 Kxg7 11. Nc3 Na6 12. Nge2 Nac7 13. Nxd5 Nxd5 14. c4
Nf6 15. Nf4 h6 16. h4 Qd6 17. Qe3 Re8 18. Qe5 b6 19. Bd3 Qxe5 20. dxe5 Nd7 21.
Ne6+ Kf7 22. Nc7 Nxe5 23. Nxa8 Bb7 24. Nxb6 axb6 25. b3 Rd8 26. Bc2 Ra8 27. Kb2
Kf6 28. f4 Ng4 29. Rd7 Bc8 30. Rd8 Ne3 31. g3 b5 32. Bd3 bxc4 33. Bxc4 e6 34.
Rc1 Ke7 35. Rh8 h5 36. Bxe6 1-0

[Event "7th European Individual Senior Champion."]
[Site "Hockenheim, Germany"]
[Date "2007.06.05"]
[Round "4.56"]
[White "Ladstetter, Josef"]
[Black "Zakharova, Lidiya"]
[Result "1-0"]
[WhiteElo "2066"]
[BlackElo "1938"]
[PlyCount "107"]
[EventDate "2007.??.??"]

1. e4 g6 2. d4 d6 3. g3 Bg7 4. Bg2 Nf6 5. Ne2 O-O 6. O-O Nbd7 7. h3 h6 8. Be3
c5 9. c3 Rb8 10. a4 b6 11. Nd2 Bb7 12. f4 Ba6 13. e5 Bxe2 14. Qxe2 Ne8 15. Nc4
cxd4 16. cxd4 dxe5 17. fxe5 e6 18. Be4 Nc7 19. Qd2 Kh7 20. h4 Nd5 21. h5 Nxe3
22. Qxe3 Qg5 23. Qxg5 hxg5 24. Rxf7 Rxf7 25. hxg6+ Kg8 26. gxf7+ Kxf7 27. Nd6+
Ke7 28. Rf1 Rf8 29. Rxf8 Kxf8 30. Nc8 Nxe5 31. dxe5 Bxe5 32. b3 Bxg3 33. Nxa7
Bc7 34. Bf3 Kf7 35. Kf2 Kf6 36. Bg4 Ke5 37. Nb5 Bd8 38. Ke3 Kd5 39. Nc3+ Ke5
40. Ne4 Kd5 41. Kd3 Ke5 42. Bh3 Kd5 43. Nc3+ Ke5 44. Kc4 Kd6 45. Kb5 e5 46. Bf5
Kc7 47. Nd5+ Kb7 48. Be4 Ka7 49. Kc6 g4 50. Kd7 Bh4 51. Kc8 Ka6 52. Nb4+ Ka7
53. Bb7 b5 54. a5 1-0

[Event "7th European Individual Senior Champion."]
[Site "Hockenheim, Germany"]
[Date "2007.06.05"]
[Round "4.57"]
[White "Giacomelli, Bernd"]
[Black "Born, Bernd-Ludger Dr"]
[Result "1-0"]
[WhiteElo "1957"]
[BlackElo "2060"]
[PlyCount "131"]
[EventDate "2007.??.??"]

1. d4 d5 2. c4 c6 3. Nf3 Bf5 4. Nc3 e6 5. Bf4 Nf6 6. Qb3 Qb6 7. Qxb6 axb6 8.
cxd5 exd5 9. Nh4 Be6 10. Bd2 Be7 11. e3 Ne4 12. Nf3 Nd7 13. Bd3 Nxd2 14. Kxd2
O-O 15. h3 b5 16. Rhc1 h6 17. Ne1 Ra5 18. Nc2 Rfa8 19. b4 R5a7 20. f4 Nb6 21.
Rcb1 Bd7 22. Rb2 g6 23. Rf1 Kg7 24. Rf2 Bf5 25. Rb1 Bxd3 26. Kxd3 f5 27. Re2
Nc4 28. Rb3 Nd6 29. Kd2 Kf7 30. Kc1 Nc4 31. g3 Bd6 32. h4 Kf6 33. Kd1 Re8 34.
Ke1 g5 35. hxg5+ hxg5 36. Kf2 Rh8 37. Ne1 Rh2+ 38. Kf1 Nd2+ 39. Rxd2 Rxd2 40.
fxg5+ Kg6 41. Nf3 Rc2 42. Ne1 Rh2 43. Nf3 Rh7 44. a3 Bxg3 45. Ne2 Bd6 46. Nf4+
Bxf4 47. exf4 Rh1+ 48. Kg2 Ra1 49. Nh4+ Kh5 50. Nxf5 R1xa3 51. Rh3+ Rxh3 52.
Kxh3 Kg6 53. Kg4 b6 54. Nh4+ Kg7 55. f5 c5 56. f6+ Kg8 57. dxc5 bxc5 58. g6
cxb4 59. Nf5 b3 60. Ne7+ Kf8 61. g7+ Kf7 62. g8=Q+ Kxf6 63. Nxd5+ Ke5 64. Nc3
b2 65. Qd5+ Kf6 66. Qd4+ 1-0

[Event "7th European Individual Senior Champion."]
[Site "Hockenheim, Germany"]
[Date "2007.06.05"]
[Round "4.58"]
[White "Jahr, Dieter"]
[Black "Gonzalo Gonzalez, Francisco"]
[Result "1-0"]
[WhiteElo "2059"]
[BlackElo "1914"]
[PlyCount "125"]
[EventDate "2007.??.??"]

1. c4 c5 2. Nc3 Nc6 3. d3 d6 4. e4 g6 5. f4 Bg7 6. Nf3 Nf6 7. g3 Bg4 8. Bg2 Qc7
9. O-O Nd4 10. Bd2 Qb6 11. Rb1 O-O 12. Be3 Nh5 13. Nd5 Qd8 14. Qd2 Nxf3+ 15.
Bxf3 Bxf3 16. Rxf3 e6 17. Nc3 Nf6 18. h3 Nh5 19. g4 Nf6 20. Rbf1 Nd7 21. f5 Ne5
22. Rg3 Qh4 23. Kg2 Qd8 24. Bg5 f6 25. Bh6 g5 26. Bxg7 Kxg7 27. fxe6 Qe7 28.
Nb5 Qxe6 29. Nc7 Qe7 30. Nxa8 Rxa8 31. Qe3 Qe6 32. b3 b6 33. d4 cxd4 34. Qxd4
Rh8 35. Rd1 Rd8 36. Qd5 Qe7 37. Kh2 Kg6 38. Qd2 h6 39. Qf2 Kg7 40. Rg2 Qb7 41.
Qf5 Qe7 42. Rgd2 Qc7 43. Kg2 Qc6 44. Rd5 Ng6 45. Kh2 Ne7 46. Qe6 Nxd5 47. exd5
Qe8 48. Re1 Qxe6 49. Rxe6 Kf7 50. Kg3 Rd7 51. Kf3 a6 52. Ke4 Re7 53. Rxe7+ Kxe7
54. Kf5 Kf7 55. b4 b5 56. c5 dxc5 57. bxc5 Ke7 58. d6+ Kd7 59. Kxf6 a5 60. Ke5
a4 61. Kd5 b4 62. c6+ Kd8 63. Kc4 1-0

[Event "7th European Individual Senior Champion."]
[Site "Hockenheim, Germany"]
[Date "2007.06.05"]
[Round "4.59"]
[White "Thieme, Hans"]
[Black "Schwichtenberg, Juergen"]
[Result "1-0"]
[WhiteElo "2055"]
[BlackElo "1911"]
[PlyCount "33"]
[EventDate "2007.??.??"]

1. d4 Nf6 2. c4 e5 3. dxe5 Ne4 4. a3 Nc6 5. Nf3 d6 6. Qc2 f5 7. exf6 Nxf6 8.
Bg5 Be7 9. Nc3 O-O 10. e3 b6 11. Bd3 h6 12. Bxf6 Bxf6 13. Nd5 Ne5 14. Be4 Rb8
15. O-O-O Ba6 16. Nd4 Qd7 17. Bf5 1-0

[Event "7th European Individual Senior Champion."]
[Site "Hockenheim, Germany"]
[Date "2007.06.05"]
[Round "4.60"]
[White "Zachariassen, John"]
[Black "Stadt, Hans"]
[Result "1/2-1/2"]
[WhiteElo "1933"]
[BlackElo "2050"]
[PlyCount "64"]
[EventDate "2007.??.??"]

1. f4 d5 2. Nf3 g6 3. e3 Bg7 4. Be2 c5 5. O-O Nf6 6. d3 O-O 7. a4 Nc6 8. Qe1
Qc7 9. Nc3 a5 10. e4 d4 11. Nd1 Bd7 12. Nf2 Ng4 13. Nxg4 Bxg4 14. h3 Bd7 15. g4
e6 16. Nh4 f5 17. e5 Nb4 18. Bd2 fxg4 19. hxg4 Rf7 20. Qg3 Raf8 21. Nf3 h6 22.
Nh4 g5 23. Ng6 gxf4 24. Bxf4 Re8 25. g5 hxg5 26. Qxg5 Nd5 27. Bh5 Rf5 28. Qh4
Bc6 29. Qg4 Qf7 30. Bg5 Qd7 31. Rae1 Ne3 32. Bxe3 dxe3 1/2-1/2

[Event "7th European Individual Senior Champion."]
[Site "Hockenheim, Germany"]
[Date "2007.06.05"]
[Round "4.61"]
[White "Sinchurina, Tatiana"]
[Black "Benito Alba, Eladio"]
[Result "1/2-1/2"]
[WhiteElo "2047"]
[BlackElo "1881"]
[PlyCount "50"]
[EventDate "2007.??.??"]

1. e4 d5 2. exd5 Qxd5 3. Nc3 Qa5 4. Bc4 Nf6 5. Nf3 Bf5 6. h3 e6 7. O-O Be7 8.
Nh4 Bg6 9. Nxg6 hxg6 10. Qf3 c6 11. d3 Nbd7 12. Be3 Ne5 13. Qe2 Nxc4 14. dxc4
O-O 15. a3 Rfd8 16. Rfd1 b6 17. Rd3 Rxd3 18. cxd3 Rd8 19. d4 Qh5 20. Qc2 g5 21.
Ne4 g4 22. Nxf6+ Bxf6 23. Qe2 Qg6 24. hxg4 Bxd4 25. Bxd4 Rxd4 1/2-1/2

[Event "7th European Individual Senior Champion."]
[Site "Hockenheim, Germany"]
[Date "2007.06.05"]
[Round "4.62"]
[White "Strozewski, Guenter"]
[Black "Bayer, Wolfgang Dr"]
[Result "0-1"]
[WhiteElo "1852"]
[BlackElo "2045"]
[PlyCount "76"]
[EventDate "2007.??.??"]

1. e4 c5 2. c3 d5 3. Nf3 dxe4 4. Qa4+ Bd7 5. Qxe4 Nc6 6. d4 Nf6 7. Qc2 cxd4 8.
Bc4 e6 9. cxd4 Rc8 10. Qe2 Na5 11. Nbd2 Nxc4 12. Nxc4 Qc7 13. b3 b5 14. Nb2
Qc3+ 15. Nd2 Qxd4 16. O-O Rxc1 17. Raxc1 Qxb2 18. Qe3 Ba3 19. Qxa7 O-O 20. Nf3
Qxc1 21. Rxc1 Bxc1 22. Ne5 Be8 23. g4 b4 24. Qd4 Nd5 25. h4 Bf4 26. Nd3 Bd6 27.
h5 h6 28. Kg2 Bb5 29. g5 hxg5 30. Ne5 Bxe5 31. Qxe5 Bd3 32. Qxg5 Ra8 33. h6 Bg6
34. hxg7 Kxg7 35. Qd2 f6 36. Kg3 Rc8 37. Qe2 Rc3+ 38. Kh4 Rh3+ 0-1

[Event "7th European Individual Senior Champion."]
[Site "Hockenheim, Germany"]
[Date "2007.06.05"]
[Round "4.63"]
[White "Preuss, Flemming"]
[Black "Abolina, Arija-solveiga"]
[Result "1/2-1/2"]
[WhiteElo "2045"]
[BlackElo "1870"]
[PlyCount "107"]
[EventDate "2007.??.??"]

1. e4 c6 2. Nf3 d6 3. d4 Bg4 4. Nc3 Nd7 5. Be2 Ngf6 6. O-O e5 7. Re1 Be7 8. a4
O-O 9. a5 a6 10. h3 Bh5 11. b3 Re8 12. Bb2 exd4 13. Nxd4 Bg6 14. Bf1 Bf8 15.
Bd3 Re5 16. f4 Rxa5 17. f5 Rxa1 18. Bxa1 Bh5 19. g4 Bxg4 20. hxg4 Ne5 21. Be2
Nfxg4 22. Nf3 Nxf3+ 23. Bxf3 Qb6+ 24. Kg2 Ne3+ 25. Rxe3 Qxe3 26. Ne2 d5 27. Bd4
Qg5+ 28. Ng3 dxe4 29. Bxe4 Rd8 30. Qg1 Qd2+ 31. Bf2 Bc5 32. Bd3 Bxf2 33. Qxf2
Qxf2+ 34. Kxf2 h6 35. Ke3 b5 36. Ne4 a5 37. Nc5 Rd5 38. c4 bxc4 39. bxc4 Rxc5
40. Kd4 Rxc4+ 41. Bxc4 Kf8 42. Kc5 Ke7 43. Kxc6 a4 44. Kb5 a3 45. Kb4 Kf6 46.
Kxa3 h5 47. Kb2 g5 48. fxg6 fxg6 49. Kc2 h4 50. Kd2 h3 51. Ke2 Ke5 52. Kf2 g5
53. Bf1 g4 54. Bxh3 1/2-1/2

[Event "7th European Individual Senior Champion."]
[Site "Hockenheim, Germany"]
[Date "2007.06.05"]
[Round "4.64"]
[White "Mertens, Gottfried"]
[Black "Schaefer, Gustav"]
[Result "1-0"]
[WhiteElo "2035"]
[BlackElo "1844"]
[PlyCount "95"]
[EventDate "2007.??.??"]

1. f4 d5 2. Nf3 c5 3. d3 Nc6 4. g3 g6 5. Bg2 Bg7 6. O-O Nh6 7. c3 O-O 8. e4
dxe4 9. dxe4 Bg4 10. Be3 b6 11. Qc2 f6 12. Nbd2 e5 13. Nc4 Qe7 14. Rae1 Rfd8
15. Bc1 Nf7 16. Ne3 Bc8 17. Nd5 Qb7 18. Rd1 Rd6 19. Nd2 Ne7 20. Nc4 Rd8 21.
Nce3 Be6 22. Nxe7+ Qxe7 23. Nd5 Bxd5 24. exd5 Nd6 25. Rde1 f5 26. fxe5 Bxe5 27.
Bf4 Ne4 28. Bxe4 fxe4 29. Qxe4 Qd7 30. Qxe5 Qxd5 31. Qxd5+ Rxd5 32. Rd1 Rad8
33. Rxd5 Rxd5 34. Kf2 g5 35. Be3 h5 36. Ke2 g4 37. Rd1 Rf5 38. Rd8+ Kg7 39.
Rd7+ Rf7 40. Rxf7+ Kxf7 41. Kd3 Kf6 42. Ke4 Ke6 43. c4 Kd6 44. Kf5 a6 45. Kg5
b5 46. Kxh5 Ke5 47. Bxc5 bxc4 48. Kxg4 1-0

[Event "7th European Individual Senior Champion."]
[Site "Hockenheim, Germany"]
[Date "2007.06.05"]
[Round "4.65"]
[White "Josting, Friedel"]
[Black "Ovesen, Karsten"]
[Result "1/2-1/2"]
[WhiteElo "2026"]
[BlackElo "1428"]
[PlyCount "74"]
[EventDate "2007.??.??"]

1. Nf3 Nf6 2. d4 d5 3. Bf4 c5 4. e3 Qb6 5. Qc1 Bf5 6. c3 Nbd7 7. Nbd2 e6 8. Be2
cxd4 9. exd4 Rc8 10. O-O Bd6 11. Ne5 O-O 12. h3 Qc7 13. Ndf3 h6 14. Qe3 Be4 15.
Bh2 a6 16. g4 Nxe5 17. Nxe5 Qb6 18. Qd2 Qc7 19. Bd3 b5 20. a3 Bxd3 21. Qxd3 Nd7
22. f4 Nf6 23. Rae1 Ne4 24. h4 Be7 25. Qh3 Qd8 26. Nf3 a5 27. Re2 b4 28. axb4
axb4 29. cxb4 Bxb4 30. g5 h5 31. f5 exf5 32. Qxf5 g6 33. Qh3 Qb6 34. Kh1 Bd6
35. Be5 Rc7 36. Qh2 Rfc8 37. Bxd6 Nxd6 1/2-1/2

[Event "7th European Individual Senior Champion."]
[Site "Hockenheim, Germany"]
[Date "2007.06.05"]
[Round "4.66"]
[White "Kornath, Heinrich"]
[Black "Blagonadezhnaya, Ideya"]
[Result "1/2-1/2"]
[WhiteElo "1838"]
[BlackElo "2017"]
[PlyCount "88"]
[EventDate "2007.??.??"]

1. e4 g6 2. d4 Bg7 3. c3 d6 4. Nf3 Nf6 5. Bd3 O-O 6. O-O Nc6 7. h3 e5 8. d5 Ne7
9. Be3 h6 10. Qd2 Kh7 11. Nh2 Nfg8 12. f4 f5 13. g4 Qe8 14. Na3 a6 15. c4 Kh8
16. Rac1 exf4 17. Bxf4 g5 18. Bg3 f4 19. Be1 Ng6 20. Nf3 Ne5 21. Be2 Nxf3+ 22.
Bxf3 Ne7 23. c5 Ng6 24. cxd6 cxd6 25. Nc4 Qd8 26. Bf2 Ne5 27. Bd4 b5 28. Nxe5
Bxe5 29. Bxe5+ dxe5 30. Rc6 Rf6 31. Rfc1 Bd7 32. Rxf6 Qxf6 33. Kg2 Qd6 34. b4
Kg7 35. Rc5 Kf7 36. Qc3 Ra7 37. Bd1 Ke7 38. Kf3 Kd8 39. Bb3 Rc7 40. Rxc7 Qxc7
41. Qc5 Kc8 42. Bd1 Kb7 43. Ke2 Qb6 44. Kd3 a5 1/2-1/2

[Event "7th European Individual Senior Champion."]
[Site "Hockenheim, Germany"]
[Date "2007.06.05"]
[Round "4.67"]
[White "Lein, Marina"]
[Black "Lapitskaya, Galina"]
[Result "1-0"]
[WhiteElo "2017"]
[BlackElo "1401"]
[PlyCount "53"]
[EventDate "2007.??.??"]

1. c4 e6 2. Nf3 Nc6 3. a3 f5 4. d4 Nf6 5. h3 d6 6. Bf4 Be7 7. e3 O-O 8. Be2 Nh5
9. Bh2 f4 10. e4 Nf6 11. Nc3 b6 12. d5 exd5 13. Nxd5 Nxe4 14. Nxf4 Bf6 15. Qd5+
Kh8 16. Qxc6 Bd7 17. Qxe4 Re8 18. Qc2 b5 19. O-O Rb8 20. cxb5 Bxb5 21. Bxb5
Rxb5 22. Nd3 c5 23. Rfe1 d5 24. Rxe8+ Qxe8 25. Re1 Qf8 26. Nde5 d4 27. Nd7 1-0

[Event "7th European Individual Senior Champion."]
[Site "Hockenheim, Germany"]
[Date "2007.06.05"]
[Round "4.68"]
[White "Bue, Gunnar"]
[Black "Schwertel, Johann"]
[Result "1/2-1/2"]
[WhiteElo "1813"]
[BlackElo "1993"]
[PlyCount "77"]
[EventDate "2007.??.??"]

1. d4 d5 2. c4 c6 3. Nf3 Nf6 4. e3 Bf5 5. Bd3 Bg6 6. Nc3 e6 7. O-O Nbd7 8. b3
Be7 9. Bb2 O-O 10. Bxg6 hxg6 11. cxd5 exd5 12. Qe2 Re8 13. Ne5 Bb4 14. Nd3 Bd6
15. f4 Ne4 16. Nxe4 Rxe4 17. Nf2 Re8 18. Qf3 Nf6 19. Rae1 Qa5 20. a4 Ne4 21.
Nxe4 Rxe4 22. Qd1 Rae8 23. Re2 f5 24. Bc1 Kf7 25. Bd2 Bb4 26. Bxb4 Qxb4 27. Qd3
a6 28. g3 Qe7 29. Rf3 Qb4 30. Rf1 Kf6 31. h4 Qe7 32. Rf3 Kf7 33. Kf2 Rh8 34.
Ke1 Qb4+ 35. Kf2 Qe7 36. Kf1 Qd6 37. Ke1 Re7 38. Qc3 b5 39. Rc2 1/2-1/2

[Event "7th European Individual Senior Champion."]
[Site "Hockenheim, Germany"]
[Date "2007.06.05"]
[Round "4.69"]
[White "Diaz Begonte, Manuel"]
[Black "Drozdov, Vladimir E"]
[Result "0-1"]
[WhiteElo "1865"]
[BlackElo "2094"]
[PlyCount "39"]
[EventDate "2007.??.??"]

1. e4 e5 2. d4 exd4 3. f4 d5 4. e5 Nc6 5. Nf3 Bc5 6. a3 Bg4 7. Bd3 a5 8. O-O
Nge7 9. Nbd2 Qd7 10. Qe1 O-O 11. h3 Bf5 12. g4 Bxd3 13. cxd3 Ng6 14. Qg3 f6 15.
exf6 Rxf6 16. f5 Bd6 17. Qg2 Nf4 18. Ne5 Bxe5 19. Rxf4 Bxf4 20. Nf3 0-1